| 000 | 00754nam a22002057a 4500 | ||
|---|---|---|---|
| 005 | 20250304150638.0 | ||
| 010 | _aDEC24SC ENG-142982 ENG-143955 | ||
| 020 |
_a9789358709391 _c225.00 |
||
| 035 | _aEN-126514 | ||
| 035 | _aEN-127487 | ||
| 037 | _bDBAD | ||
| 082 |
_a327 _21 |
||
| 100 |
_aMalhotra, Raj _979251 |
||
| 245 |
_aNCERT at your FINGERTIPS International Relations/ _cBy Raj Malhotra |
||
| 260 |
_aNew Delhi _bS Chand and Company Limited _c2024 |
||
| 270 |
_a A-27, 2nd Floor, Mohan Co-operative Industrial Estate _bNew Delhi _e110044 _minfo@schandpublishing.com _k011-49731800 |
||
| 300 |
_a123p. _c26cm(pb) |
||
| 500 | _a: For UPSC & State PSC Civil Services Examinations (Prelims + Main) | ||
| 942 |
_2ddc _cEN _h327 _mMAL _e1 |
||
| 999 |
_c207593 _d207593 |
||